000 00582nam a2200241 a 4500
001 nice12345678
003 IN_TiNIC
005 20260116015143.0
008 050524s1971 lona grp 000 0 eng
020 _a
_c100
082 0 0 _a170
_bBAR
100 _aBarclay, William
245 _aEthics in a Permissive Society
260 _aLondon
_bFontana Books
_c1971
300 _a222p
500 _aincludes index and biblioraphy
505 2 _aForeign Parts 1701-1950
650 _aEthics
700 1 _aBarclay, William
902 _bSRS
942 _cBK
999 _c18527
_d18527